<?xml version="1.0" encoding="UTF-8"?>
<collection xmlns="http://www.loc.gov/MARC21/slim">
    <record>
        <controlfield tag="001">87647</controlfield>
        <controlfield tag="005">20200204153809.0</controlfield>
        <datafield tag="024" ind1="8" ind2=" ">
            <subfield code="2">sideral</subfield>
            <subfield code="a">115454</subfield>
        </datafield>
        <datafield tag="037" ind1=" " ind2=" ">
            <subfield code="a">ART-2015-115454</subfield>
        </datafield>
        <datafield tag="041" ind1=" " ind2=" ">
            <subfield code="a">spa</subfield>
        </datafield>
        <datafield tag="100" ind1=" " ind2=" ">
            <subfield code="0">(orcid)0000-0002-2408-8436</subfield>
            <subfield code="a">Egea Román, Pilar</subfield>
            <subfield code="u">Universidad de Zaragoza</subfield>
        </datafield>
        <datafield tag="245" ind1=" " ind2=" ">
            <subfield code="a">Comentarios sobre el libro Economía de la gestión pública. Cuestiones fundamentales, de Emilio Albi Ibáñez y Jorge Onrubia Fernándea</subfield>
        </datafield>
        <datafield tag="260" ind1=" " ind2=" ">
            <subfield code="c">2015</subfield>
        </datafield>
        <datafield tag="506" ind1="0" ind2=" ">
            <subfield code="a">Access copy available to the general public</subfield>
            <subfield code="f">Unrestricted</subfield>
        </datafield>
        <datafield tag="520" ind1="3" ind2=" ">
            <subfield code="a">El objetivo de los autores en este libro ha sido presentar los fundamentos del análisis económico de la gestión pública, como ellos mismos señalan en la introducción. Se analiza la forma en que el sector público lleva a cabo sus actuaciones; de qué técnicas se dispone para evaluarlas y qué otras nuevas técnicas se han desarrollado para mejorar la gestión. Un libro destinado tanto a los alumnos de posgrado o de último curso de grado en disciplinas relacionadas con la Administración pública como a quienes estén interesados en el área de la economía pública.</subfield>
        </datafield>
        <datafield tag="540" ind1=" " ind2=" ">
            <subfield code="9">info:eu-repo/semantics/openAccess</subfield>
            <subfield code="a">by-nc-nd</subfield>
            <subfield code="u">http://creativecommons.org/licenses/by-nc-nd/3.0/es/</subfield>
        </datafield>
        <datafield tag="655" ind1=" " ind2="4">
            <subfield code="a">info:eu-repo/semantics/other</subfield>
            <subfield code="v">info:eu-repo/semantics/publishedVersion</subfield>
        </datafield>
        <datafield tag="710" ind1="2" ind2=" ">
            <subfield code="1">4008</subfield>
            <subfield code="2">225</subfield>
            <subfield code="a">Universidad de Zaragoza</subfield>
            <subfield code="b">Dpto. Estruc.Hª Econ.y Eco.Pb.</subfield>
            <subfield code="c">Área Economía Aplicada</subfield>
        </datafield>
        <datafield tag="773" ind1=" " ind2=" ">
            <subfield code="g">17 (2015), 49-54</subfield>
            <subfield code="p">e-Publica</subfield>
            <subfield code="t">e-Publica</subfield>
            <subfield code="x">1885-5628</subfield>
        </datafield>
        <datafield tag="856" ind1="4" ind2="1">
            <subfield code="u">http://e-publica.unizar.es/es/articulo/comentarios-sobre-el-libro-economia-de-la-gestion-publica-cuestiones-fundamentales-de-emilio-albi-ibanez-y-jorge-onrubia-fernandez</subfield>
            <subfield code="z">Texto completo de la revista</subfield>
        </datafield>
        <datafield tag="856" ind1="4" ind2=" ">
            <subfield code="s">186824</subfield>
            <subfield code="u">http://zaguan.unizar.es/record/87647/files/texto_completo.pdf</subfield>
            <subfield code="y">Versión publicada</subfield>
        </datafield>
        <datafield tag="856" ind1="4" ind2=" ">
            <subfield code="s">76134</subfield>
            <subfield code="u">http://zaguan.unizar.es/record/87647/files/texto_completo.jpg?subformat=icon</subfield>
            <subfield code="x">icon</subfield>
            <subfield code="y">Versión publicada</subfield>
        </datafield>
        <datafield tag="909" ind1="C" ind2="O">
            <subfield code="o">oai:zaguan.unizar.es:87647</subfield>
            <subfield code="p">articulos</subfield>
            <subfield code="p">driver</subfield>
        </datafield>
        <datafield tag="951" ind1=" " ind2=" ">
            <subfield code="a">2020-02-04-10:23:14</subfield>
        </datafield>
        <datafield tag="980" ind1=" " ind2=" ">
            <subfield code="a">ARTICLE</subfield>
        </datafield>
    </record>

    
</collection>